Territorio Chileno Antártico: Una Mirada Multidisciplinaria.

Сохранить в:
Библиографические подробности
Главный автор: Ferrada Walker, Luis Valentín (autor)
Другие авторы: Zamora Rivas, María Noemí (autor), Ternicien Novoa, Juan Pablo (autor), Guzmán Montesinos, Nicolás Alberto (autor), Sánchez Urra, Francisco (autor), Jara Fernández, Mauricio (autor), Carvallo Cruz, María Luisa (autora), Christiansen Pescio, Lars (autor), Fernández Gamboa, Simón (autor), Manley Barber, Michelle Catherine (autora), Arroyo Mora, Paola Natividad (autora)
Формат:
Опубликовано: Valparaíso, Chile: Centro de Estudios Navales y Marítimos, Academia de Guerra Naval, 2024.
Редактирование:Primera edición.
Предметы:
Метки: Добавить метку
Нет меток, Требуется 1-ая метка записи!

MARC

LEADER 00000nam a22000007a 4500
003 CL-VaPUC
005 20250428144043.0
008 241015t2024 ||||| |||| 00| 0 eng d
999 |c 445132  |d 445130 
020 |a 978-956-418-494-4 
040 |c Pontificia Universidad Católica de Valparaíso 
082 |a 983.648 FER 2024  |2 22 
100 1 |a Ferrada Walker, Luis Valentín  |e autor  |9 892313 
245 |a Territorio Chileno Antártico:  |b Una Mirada Multidisciplinaria. 
250 |a Primera edición. 
260 |a Valparaíso, Chile:  |b Centro de Estudios Navales y Marítimos, Academia de Guerra Naval,  |c 2024. 
300 |a 286 páginas. 
500 |a c.1 Donación Eduardo Araya Leupin. Memo His/21. Recibido GC 11-10-2024 c.2 Donación María Ximena Urbina Carrasco. Memo HIS 004-2025 
583 |c 20241015  |k Catalogador Asistente 
650 0 |9 255637  |a Derecho internacional  |z Antártica  
650 0 |9 504713  |a Soberanía territorial   |x Visitas de los presidentes de Chile  |x Historia  |z Territorio Antártico Chileno 
651 0 |9 328750  |a Antártica chilena   |x Operaciones navales  |x Geopolítica   |x Historia naval  |z Chile 
651 0 |9 259075  |a Regiones antárticas  |x Investigaciones científicas   |x Preservación del medio ambiente  |z Chile 
700 |a Zamora Rivas, María Noemí  |e autor  |9 892314 
700 |a Ternicien Novoa, Juan Pablo  |e autor  |9 892315 
700 |a Guzmán Montesinos, Nicolás Alberto  |e autor  |9 892316 
700 |a Sánchez Urra, Francisco  |e autor  |9 892317 
700 |a Jara Fernández, Mauricio  |e autor  |9 892318 
700 |a Carvallo Cruz, María Luisa  |e autora  |9 892319 
700 |a Christiansen Pescio, Lars  |e autor  |9 892320 
700 |a Fernández Gamboa, Simón  |e autor  |9 892321 
700 |a Manley Barber, Michelle Catherine  |e autora  |9 892322 
700 |a Arroyo Mora, Paola Natividad  |e autora  |9 892323 
942 |2 ddc  |c BK 
952 |0 0  |1 0  |2 ddc  |4 0  |6 983_648000000000000_FER_2024  |7 0  |8 A  |9 597359  |a BIBHIS  |b BIBHIS  |d 2024-10-15  |e Donación  |i 5663061  |o 983.648 FER 2024  |p 5663061  |r 2025-01-20  |t 1  |w 2024-10-15  |y BK  |k HIS 
952 |0 0  |1 0  |2 ddc  |4 0  |6 983_648000000000000_FER_2024  |7 0  |8 A  |9 602777  |a BIBHIS  |b BIBHIS  |d 2025-04-28  |e Donación  |i 5667315  |o 983.648 FER 2024  |p 5667315  |r 2025-04-28  |t 2  |w 2025-04-28  |y BK  |k HIS